000 01100pam a2200301 a 4500
999 _c24956
_d24956
001 4224958
005 20170130125041.0
008 821230s1983 vauaf b 000 0 eng
010 _a 82025043
020 _a0835924335 (pbk.)
020 _a0835924343 (hard) :
_c$18.95
040 _aDLC
_cDLC
_dDLC
050 0 0 _aNX260
_b.P47 1983
100 1 _aPeterson, Dale.
245 1 0 _aGenesis II, creation and recreation with computers /
_cDale Peterson.
260 _aReston, Va. :
_bReston Pub. Co.,
_cc1983.
300 _axi, 205 p., [8] p. of plates :
_bill. (some col.) ;
_c28 cm.
504 _aBibliography: p. 197-205.
650 0 _aComputer art.
650 0 _aArts, Modern
_y20th century.
740 0 _aGenesis 2, creation and recreation with computers.
740 0 _aGenesis two, creation and recreation with computers.
942 _2lcc
_cBOOKS
_hNX260 .P47 1983